|
|
|
แสดงรายละเอียดบรรณานุกรม |
|
|
Brief Record
: Get Marc (ISO 2709)
: E-mail record
: |
|
|
| LEADER 01174nam 2200277 a 4500 | |||
| 001 31704 | |||
| 003 ULIBM | |||
| 008 030417s2004 caua sb 001 0 eng | |||
| 020 ^a974-8055-07-8 | |||
| 082 ^aอ 328.1^bล-ร | |||
| 100 ^aเลขาธิการสภาผู้แทนราษฎร,หอสมุดรัฐสภา | |||
| 245 ^aรัฐสภาไทยใต้ร่มพระบารมี 50 ปี ทรงครองราชย์/^cหอสมุดรัฐสภาเลขาธิการสภาผู้แทนราษฎร | |||
| 260 ^aกรุงเทพฯ:^bกองการพิมพ์ สำนักงานเลขาธิการสภาผู้แทนราษฎร,^c2539 | |||
| 300 ^a97 หน้า | |||
| 650 ^aรัฐสภา | |||
| 913 ^aImported by ULIBM Administrator | |||
| 949 ^aImport form external file by ULIBM system | |||
| คุณยังไม่ได้ล็อกอิน คุณสามารถมีกิจกรรมร่วมกับเว็บไซต์ได้ แต่ต้องล็อกอินก่อน :: |
|
| สถานะ | |||||||||
| 1. | หนังสือ สถานะ=ใช้ในห้องสมุดเท่านั้น | อ 328.1 ล-ร 2004 Barcode: 057660 | ►หนังสืออ้างอิง | On Shelf | |||||
| [แสดง 1/1 รายการ] | |||||||||

| รายการใกล้เคียง ผู้แต่ง [เลขาธิการสภาผู้แทนราษฎร,หอสมุดรัฐสภา] หัวเรื่อง [รัฐสภา]
|
BibComment |
| คอมเมนท์ทรัพยากรรายการนี้ |
|
|
ห้องสมุดโรงเรียนสามัคคีวิทยาคม
159 ถ.บรรพปราการ ต.เวียง อ.เมือง จ.เชียงราย 57000
โทร. 053-711018 โทรสาร 053-713003